[Event "IECG CP.2003.P.00070 email"]
[Site "IECG email"]
[Date "2003.10.01"]
[Round "?"]
[White "Jordaan, Wayne"]
[Black "Scialino, Valentino"]
[Result "1-0"]
[WhiteElo "1378"]
[BlackElo "800"]
[PlyCount "21"]
[EventDate "2003.10.01"]
[EventType "tourn (corr)"]
[EventRounds "6"]
[EventCountry "NOR"]
[SourceTitle "Corr 2024"]
[Source "ChessBase"]
[SourceDate "2023.10.19"]
[SourceVersion "1"]
[SourceVersionDate "2023.10.19"]
[SourceQuality "1"]

1. d4 Nf6 2. Nf3 e6 3. Bg5 c5 4. e3 Be7 5. dxc5 Bxc5 6. Be2 0-0 7. Nc3 d5 8. Nd4 Bb4 9. 0-0 Bxc3 10. bxc3 h6 11. Bh4 1-0

[Event "IECG QN.2003.0.00265 email "]
[Site "IECG email"]
[Date "2003.03.15"]
[Round "?"]
[White "Scialino, Valentino"]
[Black "Vanover, Brad"]
[Result "1-0"]
[WhiteElo "800"]
[BlackElo "800"]
[PlyCount "57"]
[EventDate "2003.03.15"]
[EventType "tourn (corr)"]
[EventRounds "6"]
[SourceTitle "Corr 2008"]
[Source "ChessBase"]
[SourceDate "2008.06.24"]
[SourceVersion "1"]
[SourceVersionDate "2008.06.24"]
[SourceQuality "1"]

1. d4 Nf6 2. c4 e6 3. Nc3 Bb4 4. Qc2 Nc6 5. e3 0-0 6. Bd3 d5 7. Nf3 Qd6 8. 0-0 Ng4 9. Bxh7+ Kh8 10. Bd3 b6 11. cxd5 exd5 12. Nxd5 Qxd5 13. Be4 Qh5 14. Bxc6 Bd6 15. h3 Rb8 16. hxg4 Bxg4 17. Re1 g6 18. b3 Kg7 19. Bb2 Rh8 20. Kf1 Qh1+ 21. Ke2 Qxg2 22. Rg1 Qh3 23. Rh1 Qxh1 24. Rxh1 Rxh1 25. Qe4 Bf5 26. d5+ Kg8 27. Qd4 Kf8 28. Qg7+ Ke7 29. Bf6# 1-0

[Event "IECG QN.2003.0.00265 email "]
[Site "IECG email"]
[Date "2003.03.15"]
[Round "?"]
[White "Vanover, Brad"]
[Black "Scialino, Valentino"]
[Result "0-1"]
[WhiteElo "800"]
[BlackElo "800"]
[PlyCount "66"]
[EventDate "2003.03.15"]
[EventType "tourn (corr)"]
[EventRounds "6"]
[SourceTitle "Corr 2008"]
[Source "ChessBase"]
[SourceDate "2008.06.24"]
[SourceVersion "1"]
[SourceVersionDate "2008.06.24"]
[SourceQuality "1"]

1. c4 Nf6 2. d4 e6 3. Bd2 d5 4. e3 c5 5. dxc5 Bxc5 6. Nf3 0-0 7. Be2 b6 8. Nc3 Bb7 9. 0-0 Nbd7 10. Bd3 dxc4 11. Bxc4 Bxf3 12. gxf3 Ne5 13. Bb5 Qxd2 14. Qxd2 Nxf3+ 15. Kg2 Nxd2 16. Rfd1 Rfd8 17. Rac1 Ng4 18. Ne2 Bxe3 19. Kg3 Nxf2 20. Re1 Nde4+ 21. Kf3 Bxc1 22. Rxc1 Rac8 23. Bc6 Nd3 24. Rc4 Nd2+ 25. Kg2 Nxc4 26. b3 Rxc6 27. bxc4 Rxc4 28. h4 Nf4+ 29. Nxf4 Rxf4 30. a4 Rxa4 31. Kf2 Rd3 32. Ke2 Rh3 33. h5 Ra2+ 0-1

[Event "IECG QN.2003.0.00265 email "]
[Site "IECG email"]
[Date "2003.03.15"]
[Round "?"]
[White "Zonneveld, Will"]
[Black "Scialino, Valentino"]
[Result "1/2-1/2"]
[WhiteElo "800"]
[BlackElo "800"]
[PlyCount "69"]
[EventDate "2003.03.15"]
[EventType "tourn (corr)"]
[EventRounds "6"]
[SourceTitle "Corr 2008"]
[Source "ChessBase"]
[SourceDate "2008.06.24"]
[SourceVersion "1"]
[SourceVersionDate "2008.06.24"]
[SourceQuality "1"]

1. e4 c5 2. Bc4 e6 3. d4 cxd4 4. Qxd4 Nc6 5. Qe3 d5 6. exd5 Nb4 7. Qb3 Nxd5 8. Nf3 Ngf6 9. 0-0 Be7 10. Rd1 Qc7 11. Bg5 0-0 12. Bxd5 Nxd5 13. c4 Nf6 14. Nc3 b6 15. Nb5 Qb8 16. Bh4 Bb7 17. Bg3 Qc8 18. Nd6 Bxd6 19. Bxd6 Re8 20. Rd4 Ne4 21. Rad1 e5 22. Bxe5 Nxf2 23. Kxf2 Bxf3 24. Qxf3 Rxe5 25. Qxa8 Qxa8 26. Rd8+ Re8 27. Rxa8 Rxa8 28. Rd7 Kf8 29. b3 a5 30. Rb7 Rd8 31. Rxb6 Rd2+ 32. Kf3 Rxa2 33. c5 Ke7 34. Ra6 Kd7 35. h3 1/2-1/2